000
00241 a2200097 4500
001
23380
100
_a
Thomas, H E
245
_a
Handbook of Electronic Instruments & Measurements Techniques
260
_a
_b
Prentice
_c
090
_c
15798
_d
15798
942
_a
NUST-CAE
_c
M
_c
6444
999
_c
258453
_d
258453